| 000 | 01125cam a2200385 i 4500 | ||
|---|---|---|---|
| 001 | 481356 | ||
| 003 | ARRUPE | ||
| 005 | 20160914115225.0 | ||
| 008 | 860610s1979 fr b i000 0 eng | ||
| 010 | _a 79123030//r863 | ||
| 015 | _aF*** | ||
| 020 | _a9231016415 | ||
| 035 | _a(OCoLC)5972219 | ||
| 035 | _a(OCoLC)ocm05972219 | ||
| 035 | _a(CStRLIN)NYCG86-B59023 | ||
| 035 | _a(NNC)481356 | ||
| 040 | _cArrupe | ||
| 043 | _af------ | ||
| 050 | 0 |
_aGN645 _b.S59 |
|
| 082 | 0 |
_a960 _219 |
|
| 090 |
_aGN645 _b.S59 |
||
| 245 | 0 | 0 | _aSocio-political aspects of the palaver in some African countries. |
| 260 |
_aParis : _bUNESCO, _c1979. |
||
| 300 |
_a93 p. ; _c21 cm. |
||
| 490 | 1 |
_aIntroduction to African culture ; _v2 |
|
| 504 | _aIncludes bibliographies. | ||
| 650 | 0 |
_aPolitical anthropology _zAfrica. _925823 |
|
| 650 | 0 |
_aPublic meetings. _925824 |
|
| 651 | 0 |
_aAfrica _xPolitics and government _y1960- _925825 |
|
| 651 | 0 |
_aAfrica _xSocial conditions _y1960- _925826 |
|
| 710 | 2 |
_aUnesco. _923233 |
|
| 830 | 0 |
_aIntroduction to African culture ; _v2. _925827 |
|
| 942 |
_2lcc _cMONOGRAPH |
||
| 999 |
_c125243 _d125243 |
||